| Tag |
First Indicator |
Second Indicator |
Subfields |
| LEADER |
00000cam a2200000 a 4500 |
| 001 |
in00000009687 |
| 005 |
20151007051636.0 |
| 008 |
820911s1982 ilua 00010 eng |
| 010 |
|
|
|a 82179775
|
| 020 |
|
|
|a 0884621324 (pbk.)
|
| 035 |
|
|
|a (OCoLC)08827643
|
| 035 |
|
|
|9 AAA4061AM
|
| 040 |
|
|
|a DLC
|c DLC
|d m/c
|d TXA
|d UtOrBLW
|
| 043 |
|
|
|a n-us---
|
| 049 |
|
|
|a TXAM
|c [A12573260]
|
| 050 |
0 |
0 |
|a HG2040.5.U5
|b M45 1982
|
| 082 |
0 |
|
|a 332.7/2/0973
|2 19
|
| 100 |
1 |
|
|a Mettling, Stephen R.
|
| 245 |
1 |
4 |
|a The consolidated rate mortgage /
|c Stephen R. Mettling.
|
| 264 |
|
1 |
|a Chicago :
|b Real Estate Education Co.,
|c [1982]
|
| 264 |
|
4 |
|c ©1982
|
| 300 |
|
|
|a 16 pages :
|b illustrations ;
|c 28 cm.
|
| 336 |
|
|
|a text
|b txt
|2 rdacontent
|
| 337 |
|
|
|a unmediated
|b n
|2 rdamedia
|
| 338 |
|
|
|a volume
|b nc
|2 rdacarrier
|
| 490 |
1 |
|
|a Creative financing skill development series
|
| 650 |
|
0 |
|a Mortgage loans
|z United States.
|
| 830 |
|
0 |
|a Creative financing skill development series.
|
| 999 |
|
|
|a MARS
|
| 999 |
f |
f |
|s 0e1e8ddd-63f6-318f-8f1a-62085aa2d763
|i abd5556b-bc05-3b14-8059-da206ed6db6a
|t 0
|
| 952 |
f |
f |
|p ric
|a Texas A&M University
|b Rellis Campus
|c Joint Library Facility
|d Remote Storage
|t 0
|e HG2040.5.U5 M45 1982
|h Library of Congress classification
|i unmediated -- volume
|m A14812573260
|
| 998 |
f |
f |
|a HG2040.5.U5 M45 1982
|t 0
|l Remote Storage
|